NLSUI OPAC header image

Contract law : (Record no. 214215)

MARC details
000 -LEADER
fixed length control field 02913nam a22003017a 4500
005 - DATE AND TIME OF LATEST TRANSACTION
control field 20260122070349.0
008 - FIXED-LENGTH DATA ELEMENTS--GENERAL INFORMATION
fixed length control field 260122b |||||||| |||| 00| 0 eng d
020 ## - INTERNATIONAL STANDARD BOOK NUMBER
International Standard Book Number 9780198898047 (paperback)
082 ## - DEWEY DECIMAL CLASSIFICATION NUMBER
Classification number 346.022 MCK
100 ## - MAIN ENTRY--PERSONAL NAME
Personal name McKendrick, Ewan.
245 ## - TITLE STATEMENT
Title Contract law :
Remainder of title Text, cases and materials /
Statement of responsibility, etc. Ewan McKendrick.
250 ## - EDITION STATEMENT
Edition statement 11th
260 ## - PUBLICATION, DISTRIBUTION, ETC.
Place of publication, distribution, etc. Oxford :
Name of publisher, distributor, etc. Oxford University Press,
Date of publication, distribution, etc. 2024.
300 ## - PHYSICAL DESCRIPTION
Extent xxxviii, 1057 pages.
Dimensions 25 cm.
365 ## - TRADE PRICE
Price amount Rs. 5900.00
505 ## - FORMATTED CONTENTS NOTE
Formatted contents note 1:Introduction -<br/>Part 1: Formation:<br/>2:Agreement: Objective or Subjective? -<br/>3:Offer and Acceptance -<br/>4:Uncertain and Incomplete Agreements -<br/>5:Consideration and Promissory Estoppel -<br/>6:Formalities -<br/>7:Intention to Create Legal Relations -<br/>Part 2: Terms: <br/>8:The Terms of Contract -<br/>9:Incorporation of Terms -<br/>10:Implied Terms -<br/>11:The Interpretation of Contracts -<br/>12:Boilerplate Clauses -<br/>13:Exclusion Clauses -<br/>14:Unfair Terms in Consumer Contracts -<br/>15:Good Faith -<br/>Part 3: Setting the Contract Aside:<br/>16:Mistake -<br/>17:Misrepresentation -<br/>18:Duress -<br/>19:Undue Influence -<br/>20:Unconscionability and Inequality of Bargaining Power -<br/>21:Frustration and Force Majeure -<br/>Part 4: Remedies for Breach:<br/>22:Breach of Contract and Termination -<br/>23:Damages -<br/>24:Specific Performance -<br/>Part 5: Third Party Rights:<br/>25:Third Parties -<br/>26:Online Chapter: Incapacity -<br/>27:Online Chapter: Illegality -
520 ## - SUMMARY, ETC.
Summary, etc. Contract Law: Text, Cases, and Materials provides a complete guide to the subject of contract law. The book comprises a balance of 60 per cent text to 40 per cent cases and materials. Its clear explanations and analyses of the law provide support to students, while the extracts from cases and materials promote the development of essential case reading skills and allow for a more detailed appreciation of the practical workings of the law and of the best legal scholarship. Part I of the book examines the rules relating to the existence of an agreement (particularly offer and acceptance, uncertain and incomplete agreements, and consideration and promissory estoppel). Part II covers the terms of the contract, including implied terms, interpretation, boilerplate clauses, exclusion clauses, unfair terms in consumer contracts, and good faith. Part III examines topics such as mistake, misrepresentation, duress, undue influence, unconscionability, inequality of bargaining power, and frustration and force majeure. Part IV turns to breaches of contract and termination, damages, and specific performance. The last part, Part V, concentrates on third parties.
650 ## - SUBJECT ADDED ENTRY--TOPICAL TERM
Topical term or geographic name entry element Agreements
650 ## - SUBJECT ADDED ENTRY--TOPICAL TERM
Topical term or geographic name entry element Consideration
650 ## - SUBJECT ADDED ENTRY--TOPICAL TERM
Topical term or geographic name entry element Express and implied terms
650 ## - SUBJECT ADDED ENTRY--TOPICAL TERM
Topical term or geographic name entry element Exclusion clauses
650 ## - SUBJECT ADDED ENTRY--TOPICAL TERM
Topical term or geographic name entry element Vitiating factors
650 ## - SUBJECT ADDED ENTRY--TOPICAL TERM
Topical term or geographic name entry element Breach of contract
650 ## - SUBJECT ADDED ENTRY--TOPICAL TERM
Topical term or geographic name entry element Damages
650 ## - SUBJECT ADDED ENTRY--TOPICAL TERM
Topical term or geographic name entry element Specific performance
650 ## - SUBJECT ADDED ENTRY--TOPICAL TERM
Topical term or geographic name entry element Third party rights
942 ## - ADDED ENTRY ELEMENTS (KOHA)
Source of classification or shelving scheme Dewey Decimal Classification
Koha item type BOOKs
Holdings
Withdrawn status Lost status Source of classification or shelving scheme Materials specified (bound volume or other part) Damaged status Not for loan Home library Current library Shelving location Date acquired Source of acquisition Cost, normal purchase price Total Checkouts Total Renewals Full call number Barcode Checked out Date last seen Date last checked out Price effective from Koha item type Public note
    Dewey Decimal Classification PB     . . General Stacks 22.01.2026 Purchased - Educational Supplies 5900.00 1 1 346.022 MCK-1 40690 09.07.2026 25.02.2026 25.02.2026 22.01.2026 BOOKs Recommended by Ms. Varsha Mahadeva Aithala and others
    Dewey Decimal Classification PB     . . General Stacks 22.01.2026 Purchased - Educational Supplies 5900.00     346.022 MCK-2 40691   23.01.2026   22.01.2026 BOOKs Recommended by Ms. Varsha Mahadeva Aithala and others